| 000 | 00584nam a22002057a 4500 | ||
|---|---|---|---|
| 999 |
_c4411 _d4411 |
||
| 001 | 351 | ||
| 003 | BD-DhUAP | ||
| 005 | 20201109142621.0 | ||
| 008 | 201109s1988 bg ||||| |||| 00| 0 eng d | ||
| 020 | _a0207161011 | ||
| 040 |
_aBD-DhUAP _bEng _cBD-DhUAP _dBD-DhUAP |
||
| 082 |
_223 _a823.3 IRE |
||
| 100 | _aIreland, David. | ||
| 245 |
_aThe unknown industrial prisoner / _cDavid Ireland. |
||
| 260 |
_aLondon : _bAngus & Robertson, _cc1988. |
||
| 300 |
_a379 pages ; _c20 cm. |
||
| 650 | _aBotany Bay (N.S.W.) -- Fiction | ||
| 650 | _aPacific Ocean -- Botany Bay. | ||
| 942 |
_2ddc _cBK |
||